Determination of the Critical Temperature of Self-Ignition of Explosives from the Stability Analysis of the Thermal Conductivity Equation; Propellants, Explosives, Pyrotechnics; Vol. 46, iss. 3

গ্রন্থ-পঞ্জীর বিবরন
Parent link:Propellants, Explosives, Pyrotechnics
Vol. 46, iss. 3.— 2021.— [P. 368-377]
প্রধান লেখক: Khaneft A. V. Aleksandr Villivich
সংস্থা লেখক: Национальный исследовательский Томский политехнический университет Исследовательская школа физики высокоэнергетических процессов
সংক্ষিপ্ত:Title screen
The analysis of stability of the heat conductivity equation with exothermic reaction of zero order and volume-averaged stationary temperature the criteria of thermal explosion of condensed explosive materials (EM) expressions were obtained for parallelepiped, cylinder of finite length and sphere. Estimations of kinetic parameters (frequency factor and thermal decomposition rate activation energy) of HMX and FOX-12 were performed. The numerical solution of thermal conductivity equation for HMX and FOX-12 in the form of cubes was done. A good agreement of the EM ignition criterion in the form of a cube with the available experimental results and numerical solutions of the thermal conductivity equation was obtained. We showed that accounting for the decomposition reaction in the thermal conductivity equation leads to a slight increase in the critical ignition temperature for HMX and FOX-12.
Режим доступа: по договору с организацией-держателем ресурса
ভাষা:ইংরেজি
প্রকাশিত: 2021
বিষয়গুলি:
অনলাইন ব্যবহার করুন:https://doi.org/10.1002/prep.202000211
বিন্যাস: বৈদ্যুতিক গ্রন্থের অধ্যায়
KOHA link:https://koha.lib.tpu.ru/cgi-bin/koha/opac-detail.pl?biblionumber=665536

MARC

LEADER 00000naa0a2200000 4500
001 665536
005 20250203170154.0
035 |a (RuTPU)RU\TPU\network\36735 
035 |a RU\TPU\network\35463 
090 |a 665536 
100 |a 20211014d2021 k||y0rusy50 ba 
101 0 |a eng 
102 |a US 
135 |a drcn ---uucaa 
181 0 |a i  
182 0 |a b 
200 1 |a Determination of the Critical Temperature of Self-Ignition of Explosives from the Stability Analysis of the Thermal Conductivity Equation  |f A. V. Khaneft 
203 |a Text  |c electronic 
300 |a Title screen 
320 |a [References: 47 tit.] 
330 |a The analysis of stability of the heat conductivity equation with exothermic reaction of zero order and volume-averaged stationary temperature the criteria of thermal explosion of condensed explosive materials (EM) expressions were obtained for parallelepiped, cylinder of finite length and sphere. Estimations of kinetic parameters (frequency factor and thermal decomposition rate activation energy) of HMX and FOX-12 were performed. The numerical solution of thermal conductivity equation for HMX and FOX-12 in the form of cubes was done. A good agreement of the EM ignition criterion in the form of a cube with the available experimental results and numerical solutions of the thermal conductivity equation was obtained. We showed that accounting for the decomposition reaction in the thermal conductivity equation leads to a slight increase in the critical ignition temperature for HMX and FOX-12. 
333 |a Режим доступа: по договору с организацией-держателем ресурса 
461 |t Propellants, Explosives, Pyrotechnics 
463 |t Vol. 46, iss. 3  |v [P. 368-377]  |d 2021 
610 1 |a электронный ресурс 
610 1 |a труды учёных ТПУ 
610 1 |a thermal conductivity equation 
610 1 |a ignition criteria 
610 1 |a numerical solution 
610 1 |a HMX, FOX-12 
610 1 |a уравнение теплопроводности 
610 1 |a численные решения 
700 1 |a Khaneft  |b A. V.  |c specialist in the field of heat power energy  |c Leading Researcher of Tomsk Polytechnic University, Doctor of Physical and Mathematical Sciences  |f 1949-  |g Aleksandr Villivich  |3 (RuTPU)RU\TPU\pers\35100 
712 0 2 |a Национальный исследовательский Томский политехнический университет  |b Исследовательская школа физики высокоэнергетических процессов  |c (2017- )  |3 (RuTPU)RU\TPU\col\23551 
801 2 |a RU  |b 63413507  |c 20211014  |g RCR 
856 4 |u https://doi.org/10.1002/prep.202000211 
942 |c CF